000 01068nam a2200289 i 4500
001 179050
003 ES-MaACL
005 20250904234819.0
008 110824s2003 sp |||| | spa d
020 _a84-8191-526-2
080 _a261.6
080 _a21
100 1 _aKoselleck, Reinhart.
_968626
245 1 0 _aAceleración, prognosis y secularización /
_cReinhart Koselleck ; traducción, introducción y notas de Faustino Oncina Coves.
250 _a1ª ed.
260 _aValencia :
_bPre-Textos,
_c2003.
300 _a96 p. ;
_c19 cm.
490 1 _aPre-textos ;
_v633.
_aEnsayo
650 0 7 _aSecularización (Teología)
_2embne
_917005
650 0 7 _aReligión y filosofía
_2embne
_916811
700 1 _aOncina Coves, Faustino.
_987056
830 0 _aPre-textos ;
_v633.
_aEnsayo
_9179721
852 _aES-MaACL
_jA-11436
_9185919
_bR.145772
_cDEPO1
_dOlim: N-4440
_xDonación: Miguel Ángel Velasco
903 _aVelasco, Miguel Ángel,
_d1939-
_ednr
_9147298
942 _2udc
_cMONOGRAFIA
999 _c179050
_d179050